| 000 | 00833nam a2200277 i 4500 | ||
|---|---|---|---|
| 001 | bg | ||
| 100 | 1 | _aMazińska, Magdalena. | |
| 245 | 1 | 0 |
_aPolityka edukacyjna Unii Europejskiej / _cMagdalena Mazińska. |
| 250 | _aWyd. 2. | ||
| 260 |
_aWarszawa : _bWydawnictwa Szkolne i Pedagogiczne, _ccop. 2004. |
||
| 300 |
_a68 s. ; _c21 cm. |
||
| 490 | 0 | _aBiblioteczka Dobrego Nauczyciela | |
| 504 | _aBibliogr. s. 67-68. | ||
| 650 | 9 |
_aSzkolnictwo _zkraje Unii Europejskiej |
|
| 650 | 9 |
_aOświata _xpolityka _zUnia Europejska |
|
| 650 | 9 |
_aEdukacja europejska _xod 1989 r. |
|
| 830 | 1 | _aBiblioteczka Dobrego Nauczyciela | |
| 020 | _a8302093459 | ||
| 040 | _cBPK | ||
| 041 | 0 | _apol | |
| 044 | _aPOL | ||
| 080 | _a37.014(4-67)"1989/..." | ||
| 920 | _a83-02-09345-9 | ||
| 942 | _cKS | ||
| 008 | s pl f |000 0 pol | ||
| 999 |
_c50811 _d50811 |
||
| 856 |
_uhttp://koha.tu.koszalin.pl/cgi-bin/koha/opac-detail.pl?biblionumber=50811 _yKatalog online BPK |
||